=LDR 00000nam 2200000 4500 =001 INLIS00000000000082 =005 20260702043538 =020 ##$$a 978-623-92995-4-5 =082 ##$$a 012.378 =100 1#$$a Almaududy, Mhd. Rois =245 1 $$a Puncak Ilmu Adalah Akhlak /$c Mhd. Rois Almaududy =300 ##$$a vi+140 Hlm. ; 14 x 20 cm